Countries: Before 'Z' Quiz Stats

 Plays Quiz Updated Jul 2, 2018

Support Sporcle.
Go Orange.
Score 0/12 Timer 03:00
0 Plays Today
Letter before 'Z' Country % Correct
NoneZambia, Zimbabwe
95.6%
AAzerbaijan, Brazil, Kazakhstan
88.7%
CCzechia
77.4%
YKyrgyzstan
64.3%
WNew Zealand
62.1%
UUzbekistan
61.1%
NTanzania
52.5%
OMozambique
47.7%
IBelize
44.2%
TSwitzerland
42.1%
E Venezuela
35.5%
RBosnia and Herzegovina
28.6%

You're not logged in!

Compare scores with friends on all Sporcle quizzes.
OR
Log In

From the Vault

50 Years of Music

by Flick

We won't call them old, we'll call them classics.
Remove Ads.
Support Sporcle.
Get the best of Sporcle when you Go Orange. This ad-free experience offers more features, more stats, and more fun while also helping to support Sporcle. Thank you for becoming a member.

Show Comments

Extras

Top Quizzes Today


Score Distribution

Your Account Isn't Verified!

In order to create a playlist on Sporcle, you need to verify the email address you used during registration. Go to your Sporcle Settings to finish the process.

Report this User

Report this user for behavior that violates our Community Guidelines.

Details: